سیاچن کی سرحد پر (Record no. 549738)

000 -LEADER
fixed length control field 00514nam a22001697a 4500
082 ## - DEWEY DECIMAL CLASSIFICATION NUMBER
Classification number 954.91
Author Mark QAI
-- L-30, P-181
100 ## - MAIN ENTRY--PERSONAL NAME
Personal name Farooqi, Qaisar
9 (RLIN) 46392
245 ## - TITLE STATEMENT
Title سیاچن کی سرحد پر
Statement of responsibility, etc. Qaisar Farooqi
260 ## - PUBLICATION, DISTRIBUTION, ETC.
Place of publication, distribution, etc. Pakistan
Name of publisher, distributor, etc. Army education press
300 ## - PHYSICAL DESCRIPTION
Extent 680.p:
526 ## - STUDY PROGRAM INFORMATION NOTE
Program name 0
Interest level 0
Reading level 0
Title point value 954_910000000000000_QAI
526 ## - STUDY PROGRAM INFORMATION NOTE
Program name 0
Interest level 0
Reading level 0
Title point value 954_910000000000000_QAI
526 ## - STUDY PROGRAM INFORMATION NOTE
Program name 0
Interest level 0
Reading level 0
Title point value 954_910000000000000_QAI
526 ## - STUDY PROGRAM INFORMATION NOTE
Program name 0
Interest level 0
Reading level 0
Title point value 954_910000000000000_QAI
650 ## - SUBJECT ADDED ENTRY--TOPICAL TERM
Topical term or geographic name entry element MCE
9 (RLIN) 379
942 ## - ADDED ENTRY ELEMENTS (KOHA)
Source of classification or shelving scheme
Koha item type Book
Holdings
Withdrawn status Lost status Source of classification or shelving scheme Damaged status Not for loan Permanent Location Current Location Date acquired Total Checkouts Total Renewals Full call number Barcode Date last seen Date last checked out Price effective from Koha item type
          Military College of Engineering (MCE) Military College of Engineering (MCE) 10/13/2014 2 1 954.91 QAI MCE-26438 12/19/2016 11/18/2016 10/13/2014 Book
          Military College of Engineering (MCE) Military College of Engineering (MCE) 10/13/2014 1 1 954.91 QAI MCE-34578 07/29/2015 05/21/2015 10/13/2014 Book
          Military College of Engineering (MCE) Military College of Engineering (MCE) 10/15/2014     954.91 QAI MCE-34579 10/15/2014   10/15/2014 Book
          Military College of Engineering (MCE) Military College of Engineering (MCE) 10/15/2014     954.91 QAI MCE-26439 10/15/2014   10/15/2014 Book
© 2023 Central Library, National University of Sciences and Technology. All Rights Reserved.